000 00658nam a2200241Ia 4500
005 20250425162736.0
008 250425s9999 xx 000 0 und d
020 _a0679406840
041 _aeng
082 _a658.406
100 _aCONNER, DARYL
245 0 _aMANAGING AT THE SPEED OF CHANGE: HOW RESILIENT MANAGERS SUCCEED AND PROSPER WHERE OTHERS FAIL
250 _a1SH ED.
260 _aEstados Unidos
_bVILLARD
_c1992
260 _aNEW YORK
300 _a281
500 _aDONADO POR GUILLERMO AROSEMENA
650 _aORGANIZACION-PROCESOS
650 _aSISTEMA DE ADMINISTRACION
710 _aVILLARD
942 _c01
010 _a104463
999 _c235495
_d235495